Szczegóły MARC21

Deutsche Sinfonie, op. 50 : an Anti-Fascist Cantata /

001 -Numer kontrolny rekordu [,]
    • @
    • pole kontrolne
    • xx005356944
003 -Nazwa instytucji [,]
    • @
    • pole kontrolne
    • NUKAT
005 -Data i czas ostatniej zmiany [,]
    • @
    • Data ostatniej zmiany
    • 20241231095159.0
007 -Forma fizyczna dokumentu dźwiękowego [,]
    • @
    • Forma fizyczna dokumentu dźwiękowego
    • sd bmmenn|||ne
008 -Pole stałej długości [,]
    • @
    • pole
    • 220527s1995 gw sgnng ger c
028 -Oznaczenie katalogowe dokumentu dźwiękowego [0,1]
    • a
    • Oznaczenie katalogowe
    • 448 389-2
    • b
    • Nazwa wydawcy
    • Decca
035 -Inne numery kontrolne [ , ]
    • a
    • Numer kontrolny
    • (OCoLC)1334054688
040 -Instytucja sporządzająca opis [ , ]
    • c
    • Instytucja, która sporządziła rekord (NP)
    • SZCZ U/JS
041 -Język dokumentu [0, ]
    • d
    • Język śpiewanego lub mówionego tekstu nagrania (NP)
    • ger
    • g
    • Język materiału towarzyszącego innego niż libretto (P)
    • ger
942 -Rodzaj dokumentu [ , ]
    • c
    • Rodzaj dokumentu
    • Dokument Dźwiękowy - płyta
100 -Hasło główne - nazwa osobowa [1, ]
    • a
    • Nazwa osobowa (NP)
    • Eisler, Hanns
    • d
    • Daty biograficzne (NP)
    • (1898-1962).
    • e
    • RRodzaj współpracy
    • Kompozytor
240 -Tytuł ujednolicony [1,0]
    • a
    • Tytuł ujednolicony (NP)
    • Deutsche Sinfonie.
    • n
    • Oznaczenie części (P)
    • Op. 50
245 -Strefa tytułu i oznaczenia odpowiedzialności [1,0]
    • a
    • Tytuł
    • Deutsche Sinfonie, op. 50 :
    • b
    • Ciąg dalszy tytułu (NP)
    • an Anti-Fascist Cantata /
    • c
    • Pozostałe elementy strefy tytułu i oznaczenia odpowiedzialności (NP)
    • Hanns Eisler.
260 -Strefa adresu wydawniczego [ , ]
    • a
    • Miejsce wydania (P)
    • Frankfurt am Main :
    • b
    • Nazwa wydawcy (P)
    • Suhrkamp Verlag,
    • c
    • Data wydania (P)
    • © 1995.
300 -Strefa opisu fizycznego [ , ]
    • a
    • Określenie formy książki i/lub objętość (NP)
    • 1 płyta :
    • b
    • Inne szczegóły opisu fizycznego (NP)
    • digital, stereo ;
    • c
    • Format (NP)
    • 12 cm +
    • e
    • Oznaczenie dokumentu towarzyszącego (NP)
    • broszura : 38 stron ; 12x12 cm.
336 -Typ zawartości [ , ]
    • a
    • Termin określający typ nośnika
    • Muzyka
    • b
    • Kod określający zawartość
    • prm
    • 2
    • Źródło (termin i kod)
    • rdacontent
337 -Typ mediów [ , ]
    • a
    • Tryb odtwarzania
    • Audio
    • b
    • Kod typu nośnika
    • s
    • 2
    • Źródło (termin i kod)
    • rdamedia
338 -Typ/rodzaj nośnika [ , ]
    • a
    • Hasło opisujące typ nośnika
    • Płyta audio
    • b
    • Kod typu nośnika
    • sd
    • 2
    • Źródło (termin i kod)
    • rdacarrier
380 -Deskryptor - Forma dzieła (P) [ , ]
    • a
    • forma dzieła (NP)
    • Muzyka
500 -Uwaga ogólna [ , ]
    • a
    • Uwaga ogólna (NP)
    • Druk zawiera notę programową w językach angielskim, francuskim,niemieckim, włoskim.
511 -Uwaga dot. uczestników lub wykonawców [1, ]
    • a
    • Uwaga dot. uczestników lub wykonawców
    • Hendrikje Wangemann, soprano ; Annette Markert, alto ; Matthias Görne, baritone ; Peter Lika, bass ; Gert Gütschow, speaker ; Volker Schwarz, speaker ; Ernst Senff Chor, Berlin ; Sigurd Brauns, chorus master ; Lothar Zagrosek, Gewandhausorchester Leipzig.
546 -Uwaga dot. języka [ , ]
    • a
    • Uwaga dot. języka
    • Śpiew w języku niemieckim.
655 -Hasło przedmiotowe - forma [ ,7]
    • a
    • Określenie rzeczowe
    • Symfonie
    • y
    • Określnik chronologiczny
    • 20 w.
700 -Hasło dodatkowe - nazwa osobowa [1, ]
    • a
    • Nazwa osobowa (NP)
    • Markert, Annette
    • d
    • Daty biograficzne (NP)
    • (1957- ).
    • e
    • Określenie rodzaju współpracy (NP)
    • Wykonanie
700 -Hasło dodatkowe - nazwa osobowa [1, ]
    • a
    • Nazwa osobowa (NP)
    • Goerne, Matthias
    • d
    • Daty biograficzne (NP)
    • (1967- ).
    • e
    • Określenie rodzaju współpracy (NP)
    • Wykonanie
700 -Hasło dodatkowe - nazwa osobowa [1, ]
    • a
    • Nazwa osobowa (NP)
    • Lika, Peter
    • d
    • Daty biograficzne (NP)
    • (1949- ).
    • e
    • Określenie rodzaju współpracy (NP)
    • Wykonanie
700 -Hasło dodatkowe - nazwa osobowa [1, ]
    • a
    • Nazwa osobowa (NP)
    • Brauns, Sigurd
    • d
    • Daty biograficzne (NP)
    • (1944- ).
    • e
    • Określenie rodzaju współpracy (NP)
    • Wykonanie
700 -Hasło dodatkowe - nazwa osobowa [1, ]
    • a
    • Nazwa osobowa (NP)
    • Zagrosek, Lothar
    • d
    • Daty biograficzne (NP)
    • (1942- ).
    • e
    • Określenie rodzaju współpracy (NP)
    • Dyrygent
700 -Hasło dodatkowe - nazwa osobowa [1, ]
    • a
    • Nazwa osobowa (NP)
    • Wangemann, Hendrikje
    • d
    • Daty biograficzne (NP)
    • (1961- ).
    • e
    • Określenie rodzaju współpracy (NP)
    • Wykonanie
700 -Hasło dodatkowe - nazwa osobowa [1, ]
    • a
    • Nazwa osobowa (NP)
    • Gütschow, Gert
    • d
    • Daty biograficzne (NP)
    • (1928- ).
    • e
    • Określenie rodzaju współpracy (NP)
    • Wykonanie
700 -Hasło dodatkowe - nazwa osobowa [1, ]
    • a
    • Nazwa osobowa (NP)
    • Schwarz, Volker.
    • e
    • Określenie rodzaju współpracy (NP)
    • Wykonanie
710 -Hasło dodatkowe - nazwa ciała zbiorowego [2, ]
    • a
    • Nazwa ciała zbiorowego lub nazwa geograficzna jako pierwszy element (NP)
    • Ernst-Senff-Chor.
    • e
    • Rodzaj współpracy
    • Wykonanie
    • 9
    • KHW
    • 324098
710 -Hasło dodatkowe - nazwa ciała zbiorowego [2, ]
    • a
    • Nazwa ciała zbiorowego lub nazwa geograficzna jako pierwszy element (NP)
    • Gewandhausorchester Leipzig.
    • e
    • Rodzaj współpracy
    • Wykonanie
    • 9
    • KHW
    • 269133
710 -Hasło dodatkowe - nazwa ciała zbiorowego [2, ]
    • a
    • Nazwa ciała zbiorowego lub nazwa geograficzna jako pierwszy element (NP)
    • Suhrkamp Verlag.
    • e
    • Rodzaj współpracy
    • Wydawca
    • 9
    • KHW
    • 56105
Cena Numer inwentarzowy Data inwentaryzacji Sposób nabycia Kierowanie Kod kreskowy Data wprowadzenia opisu Sygnatura Status udostępniania Akcesja
10.00Ad.30422023-03-14dBM20050200304242022-02-03Germ. Muzyka (CD) 04-322d094/5